Đang tải...

Questions and answers on secretarial practice/10e

Chi tiết về thư mục
Tác giả chính: Bucknall, G.K
Định dạng: Printed Book
Ngôn ngữ:English
Được phát hành: London Sir Isaac Pitman & Sons 1953
Phiên bản:10th ed.
Những chủ đề:
LEADER 00557nam a22001697a 4500
005 20151215130342.0
008 091121t xxu||||| |||| 00| 0 eng d
082 |a 651.374  |b BUC 
100 |a Bucknall, G.K.  |9 10408 
245 |a Questions and answers on secretarial practice/10e 
250 |a 10th ed. 
300 |a ix, 254p. 
653 |a Accounting 
942 |c BK  |6 _ 
260 |c 1953  |a London  |b Sir Isaac Pitman & Sons 
999 |c 115433  |d 115433 
952 |0 0  |1 0  |2 ddc  |4 0  |6 651374_BUC  |7 0  |9 149589  |a SMS  |b SMS  |c GEN  |d 2010-12-07  |o 651.374 BUC  |p SMS001595  |r 2010-12-07  |w 2010-12-07  |y BK